000 00408nam a22001697a 4500
003 MPLRDC
005 20220104124308.0
008 210129b ||||| |||| 00| 0 eng d
020 _a962-447-276-9
082 _a788 QJ
100 _a钱进、杨国庆编著
245 _a名人初恋故事
_c
260 _a
_b勤加缘出版社
_c1993
300 _b
650 _a名人合传
942 _cBK
_o788 QJ
999 _c18189
_d18179